Jeux Olympiques 1996 - Pays participants - Statistiques

Statistiques générales
  • Ce quiz a été pris 8 fois
  • Le résultat moyen est 143 sur 189
Réponses sur la Carte
Les réponses sont colorées sur une échelle allant du rouge au vert en fonction du pourcentage des utilisateurs qui les ont devinées à leur premier essai. Vous pouvez retrouver ces pourcentages ci-dessous.
 
Statistiques - réponses
Nombre d'athlètes Pays % Correct
84 Afrique du Sud
100%
465 Allemagne
100%
178 Argentine
100%
424 Australie
100%
61 Belgique
100%
225 Brésil
100%
303 Canada
100%
87 Chili
100%
294 Chine
100%
24 Corée du Nord
100%
300 Corée du Sud
100%
164 Cuba
100%
119 Danemark
100%
294 Espagne
100%
43 Estonie
100%
646 Etats-Unis
100%
76 Finlande
100%
299 France
100%
121 Grèce
100%
49 Inde
100%
40 Indonésie
100%
78 Irlande
100%
09 Islande
100%
346 Italie
100%
306 Japon
100%
96 Kazakhstan
100%
48 Lettonie
100%
61 Lituanie
100%
11 Madagascar
100%
97 Mexique
100%
07 Paraguay
100%
235 Pays-Bas
100%
29 Pérou
100%
165 Pologne
100%
106 Portugal
100%
115 République tchèque
100%
300 Royaume-Uni
100%
390 Russie
100%
114 Suisse
100%
47 Turquie
100%
14 Uruguay
100%
01 Afghanistan
86%
07 Albanie
86%
45 Algérie
86%
08 Andorre
86%
29 Arabie Saoudite
86%
72 Autriche
86%
23 Azerbaidjan
86%
157 Biélorussie
86%
110 Bulgarie
86%
48 Colombie
86%
29 Egypte
86%
04 Emirats arabes unis
86%
19 Equateur
86%
18 Ethiopie
86%
34 Géorgie
86%
07 Haïti
86%
214 Hongrie
86%
45 Jamaïque
86%
02 Liechtenstein
86%
06 Luxembourg
86%
06 Maldives
86%
07 Malte
86%
34 Maroc
86%
16 Mongolie
86%
98 Norvège
86%
97 Nouvelle-Zélande
86%
71 Ouzbékistan
86%
24 Pakistan
86%
12 Qatar
86%
16 République dominicaine
86%
05 République du Congo
86%
165 Roumanie
86%
06 Sainte-Lucie
86%
71 Slovaquie
86%
37 Slovénie
86%
04 Somalie
86%
177 Suède
86%
51 Tunisie
86%
231 Ukraine
86%
39 Venezuela
86%
06 Vietnam
86%
14 Zaïre
86%
32 Arménie
71%
04 Bangladesh
71%
03 Birmanie
71%
08 Bolivie
71%
07 Botswana
71%
05 Cambodge
71%
17 Chypre
71%
84 Croatie
71%
05 Djibouti
71%
17 Fidji
71%
26 Guatemala
71%
07 Guyana
71%
07 Honduras
71%
03 Irak
71%
18 Iran
71%
25 Israël
71%
52 Kenya
71%
33 Kirghizistan
71%
25 Koweït
71%
05 Laos
71%
09 Lesotho
71%
35 Malaisie
71%
03 Mali
71%
03 Monaco
71%
06 Népal
71%
26 Nicaragua
71%
04 Oman
71%
07 Panama
71%
12 Philippines
71%
07 Saint-Marin
71%
11 Sénégal
71%
09 Seychelles
71%
14 Singapour
71%
04 Soudan
71%
09 Sri Lanka
71%
07 Suriname
71%
07 Syrie
71%
08 Tadjikistan
71%
74 Taïwan
71%
07 Tanzanie
71%
04 Tchad
71%
37 Thaïlande
71%
05 Togo
71%
05 Tonga
71%
12 Trinite-et-Tobago
71%
04 Yémen
71%
68 Yougoslavie
71%
08 Zambie
71%
13 Zimbabwe
71%
28 Angola
57%
26 Bahamas
57%
05 Bahreïn
57%
13 Barbade
57%
05 Belize
57%
05 Bénin
57%
02 Bhoutan
57%
09 Bosnie-Herzégovine
57%
05 Burkina Faso
57%
15 Cameroun
57%
11 Costa Rica
57%
11 Côte d'Ivoire
57%
06 Dominique
57%
07 Gabon
57%
09 Gambie
57%
05 Grenade
57%
05 Guinée
57%
07 Guinée équatoriale
57%
05 Jordanie
57%
01 Liban
57%
05 Libye
57%
11 Macédoine du Nord
57%
02 Malawi
57%
26 Maurice
57%
04 Mauritanie
57%
40 Moldavie
57%
03 Mozambique
57%
08 Namibie
57%
03 Niger
57%
65 Nigeria
57%
10 Ouganda
57%
11 Papouasie-Nouvelle-Guinée
57%
05 République Centrafricaine
57%
04 Rwanda
57%
10 Saint-Christophe-et-Niévès
57%
07 Salvador
57%
05 Samoa
57%
07 Turkménistan
57%
04 Vanuatu
57%
13 Antigua-et-Barbuda
43%
01 Brunei
43%
07 Burundi
43%
04 Cap-Vert
43%
04 Comores
43%
35 Ghana
43%
03 Guinée-Bissau
43%
05 Liberia
43%
03 Nauru
43%
08 Saint-Vincent-et-les-Grenadines
43%
01 Salomon
43%
02 Sao Tomé-et-Principe
43%
14 Sierra Leone
43%
02 Palestine
29%
06 Swaziland
29%
Aucun quiz correspondant
Distribution des résultats
% des personnes avec chaque résultat
Percentile par nombre de réponses
Votre historique - résultats
Vous n’avez pas pris ce quiz